| 000 | 00840nam a2200217 a 4500 | ||
|---|---|---|---|
| 001 | 61379 | ||
| 003 | BD-RjUL | ||
| 005 | 20211209080944.0 | ||
| 008 | 170117s1961 ii ||||| |||| 00| 0 ben d | ||
| 035 | _a(BD-RjUL)61503 | ||
| 040 |
_aBD-RjUL _bben _cBD-RjUL |
||
| 041 | _aben | ||
| 082 |
_223 _a891.4414 _bTAP 1961 |
||
| 100 |
_aঠাকুর, রবীন্দ্রনাথ _9173234 |
||
| 245 | 1 | 0 |
_aপূরবী / _cরবীন্দ্রনাথ ঠাকুর |
| 260 |
_aকলিকাতা : _bবিশ্বভারতী গ্রন্থালয়, _c১৯৬১ |
||
| 300 |
_a২২৩ পৃ. ; _c২১ সেমি. |
||
| 600 |
_aঠাকুর, রপবীন্দ্রনাথ _d১৮৬১-১৯৪১ _9183014 |
||
| 600 |
_aTagore, Robindronath _d1861-1941 _9173236 |
||
| 942 |
_2ddc _cBK |
||
| 999 |
_c61379 _d61379 |
||